000 00518nmm a2200157Ia 4500
008 251105s9999||||xx |||||||||||||||||und||
020 _a9789871432615
041 _aspa
100 _aJofre, Ivana Carina (coord.)
245 0 _aEl regreso de los muertos y las promesas del oro :
_b Patrimonio arqueológico en conflicto
264 _a[Buenos Aires, Argentina] :
_bEditorial Brujas,
_c2015
300 _a264 páginas
650 _aArcheology
856 _uhttps://public.digitaliapublishing.com/a/41799
942 _cCF
999 _c97195
_d97195